LEADER 01855nam 2200469 450 001 9910706195103321 005 20170817092730.0 035 $a(CKB)5470000002454472 035 $a(OCoLC)1001288359 035 $a(EXLCZ)995470000002454472 100 $a20170817j199812 ua 0 101 0 $aeng 135 $aurbn||||||||| 181 $ctxt$2rdacontent 182 $cc$2rdamedia 183 $acr$2rdacarrier 200 10$aAnalysis of inlet-compressor acoustic interactions using coupled CFD codes /$fA. Suresh [and four others] 210 1$aCleveland, Ohio :$cNational Aeronautics and Space Administration, Lewis Research Center,$dDecember 1998. 215 $a1 online resource (10 pages) $cillustrations 225 1 $aNASA/TM ;$v1998-208839 300 $a"December 1998." 300 $a"Prepared for the 37th Aerospace Sciences Meeting and Exhibit sponsored by the American Institute for Aeronautics and Astronautics, Reno, Nevada, January 11-14, 1999." 300 $a"Performing organization: National Aeronautics and Space Administration, Lewis Research Center"--Report documentation page. 300 $a"AIAA-98-0749." 320 $aIncludes bibliographical references (page 5). 606 $aComputational fluid dynamics$2nasat 606 $aTurbomachinery$2nasat 606 $aSupersonic inlets$2nasat 606 $aUnsteady aerodynamics$2nasat 615 7$aComputational fluid dynamics. 615 7$aTurbomachinery. 615 7$aSupersonic inlets. 615 7$aUnsteady aerodynamics. 700 $aSuresh$b A$c(Writer on numeric analysis),$01406426 712 02$aLewis Research Center, 801 0$bGPO 801 1$bGPO 801 2$bGPO 906 $aBOOK 912 $a9910706195103321 996 $aAnalysis of inlet-compressor acoustic interactions using coupled CFD codes$93485413 997 $aUNINA LEADER 03394nam 2200721Ia 450 001 9910973107903321 005 20251117093021.0 010 $a1-83695-963-X 010 $a1-283-90247-8 010 $a0-85745-726-8 024 7 $a10.1515/9780857457264 035 $a(CKB)2670000000315216 035 $a(EBL)1102563 035 $a(OCoLC)822655809 035 $a(SSID)ssj0000803812 035 $a(PQKBManifestationID)12305170 035 $a(PQKBTitleCode)TC0000803812 035 $a(PQKBWorkID)10812024 035 $a(PQKB)11665471 035 $a(Au-PeEL)EBL1102563 035 $a(CaPaEBR)ebr10640273 035 $a(CaONFJC)MIL421497 035 $a(DE-B1597)636765 035 $a(DE-B1597)9780857457264 035 $a(Perlego)541198 035 $a(MiAaPQ)EBC1102563 035 $a(EXLCZ)992670000000315216 100 $a20120126d2013 uy 0 101 0 $aeng 135 $aur|n|---||||| 181 $ctxt 182 $cc 183 $acr 200 10$aAnthropology & political science $ea convergent approach /$fMyron J. Aronoff & Jan Kubik 205 $a1st ed. 210 $aNew York $cBerghahn Books$d2013 215 $a1 online resource (367 p.) 225 0 $aAnthropology & . ;$v3 225 0$aAnthropology & 300 $aDescription based upon print version of record. 311 08$a0-85745-725-X 320 $aIncludes bibliographical references and index. 327 $aContents; Tables; Figures; Acknowledgements; Preface; Chapter1 - Introduction; Chapter 2 - Methods: Ethnography and Case Study; Chapter 3 - Beyond Political Culture; Chapter 4 - Symbolic Dimensions of Politics: Political Ritual and Ceremonial; Chapter 5 - The Politics of Collective Identity: Contested Israeli Nationalisms; Chapter 6 - Democratization in Deeply Divided Societies: The Netherlands, India, and Israel; Chapter 7 - Camp David Rashomon: Contested Intepretations of the Israel/Palestine Peace Process 327 $aChapter 8 - What Can Political Scientists Learn about Civil Society from Anthropologists?Chapter 9 - Homo sovieticus and Vernacular Knowledge; Chapter 10 - Conclusions; Bibliography; Name Index; Subject Index 330 $aWhat can anthropology and political science learn from each other? The authors argue that collaboration, particularly in the area of concepts and methodologies, is tremendously beneficial for both disciplines, though they also deal with some troubling aspects of the relationship. Focusing on the influence of anthropology on political science, the book examines the basic assumptions the practitioners of each discipline make about the nature of social and political reality, compares some of the key concepts each field employs, and provides an extensive review of the basic methods of research tha 410 0$aAnthropology & ... 606 $aAnthropology$xMethodology 606 $aPolitical science$xMethodology 615 0$aAnthropology$xMethodology. 615 0$aPolitical science$xMethodology. 676 $a301 676 $a320.01 676 $a301 700 $aAronoff$b Myron J$g(Myron Joel),$f1940-$0890688 701 $aKubi?k$b Jan$0890689 801 0$bMiAaPQ 801 1$bMiAaPQ 801 2$bMiAaPQ 906 $aBOOK 912 $a9910973107903321 996 $aAnthropology & political science$94471059 997 $aUNINA 999 $p$126.00$u06/26/2019$5Soc